| 000 | 00494nam a2200217Ia 4500 | ||
|---|---|---|---|
| 003 | 0100 | ||
| 008 | 130303s9999 xx 000 0 und d | ||
| 020 | _a826412912 | ||
| 040 | _cARRUPELIB | ||
| 050 | _aBS241.7.E8S671999 | ||
| 100 | _aWilliam C. Spohn | ||
| 245 | _aGo and Do likewise | ||
| 245 | _bJesus and ethics | ||
| 260 | _aNew York | ||
| 260 | _bThe Continuum Pub.Co. | ||
| 260 | _C2000 | ||
| 300 | _aix | ||
| 300 | _b 227p. 22cm | ||
| 700 | _aWilliam C. Spohn | ||
| 942 | 0 | 0 | _01 |
| 999 |
_c9805 _d9805 |
||